00537nam a2200181Ia 4500008004100000084001100041100002500052245002700077250002000104260001800124260000900142260001400151300000900165500003500174942000700209999001700216952012200233180424s9999 xx 000 0 und d a338 F2 a"Fabricant, Solomon" 0aPrimer on Productivity a\\197300ENGGPSX aPrentice Hall b1973 cNew Delhi a203p aincludes index and biblioraphy cBK c30178d30178 00104070aPSGbPSGcAW ROW 6 RACK 117 SHELF 6d2018-04-25l0o338 F2p36348r2018-04-25 00:00:00t0w2018-04-25yBK